Espíritu de caridad / por José Cornudella Capdevila
Descripción Física:
18 p. ; 24 cm
MARC
| LEADER | 00000nam a2200000Ia 4500 | ||
|---|---|---|---|
| 001 | 19649 | ||
| 008 | 160829s1940 xx 000 0 cat d | ||
| 080 | |a FU-10-12 | ||
| 100 | 1 | |a Cornudella i Capdevila, Josep, |d 1895-1985 |9 31056 | |
| 245 | |a Espíritu de caridad / por José Cornudella Capdevila | ||
| 260 | |a Barcelona : |b Enrique Durán Albanell, |c 1940 | ||
| 300 | |a 18 p. ; |c 24 cm | ||
| 590 | |a A la coberta: A la buena memoria del Dr. D. Francisco Fábregas Mas, y de su esposa Da. Faustina Mata Guerrero. | ||
| 590 | |a Prové de J-1453 | ||
| 650 | |a Fábregas Mas, Francisco |9 47312 | ||
| 650 | |a Mata Guerrero, Faustina |9 47313 | ||
| 856 | 4 | |u https://media.diba.cat/diba/fitxers/arxiu/fulletons/bib_19649_baixa.pdf |y Accés lliure | |
| 856 | 4 | |u https://media.diba.cat/diba/fitxers/arxiu/fulletons/bib_19649_baixa.pdf |y Accés lliure | |
| 901 | |a Arxiu | ||
| 942 | |n 1 |2 udc | ||
| 952 | |0 0 |1 0 |4 0 |6 FU1012 |7 1 |9 53809 |a Arxiu |b Arxiu |d 2016-12-01 |l 0 |o FU-10-12 |p 19649 |r 2016-12-01 00:00:00 |w 2016-12-01 |y ARXIU | ||
| 999 | |c 57675 |d 57675 | ||
| 900 | |a bib_19649_baixa.pdf | ||